Corporate sustainable practices and family business internationalisation A literature review and conceptual framework

Bibliográfiai részletek
Szerző: Mosad Mina Saad Tawadrous
Dokumentumtípus: Könyv része
Megjelent: Budapesti Gazdaságtudományi Egyetem Budapest, Magyarország 2026
Sorozat:ESG - Risk Management or New Sustainability? VIII.BUEB International Sustainability Student ConferenceProceedings - Budapest University of Economics and Business 2025
Tárgyszavak:
doi:10.29180/978-615-6886-27-9_9

Kulcsszavak:Sustainability
Corporate Social Responsibility
family firms
internationalisation
socioemotional wealth
Online Access:http://publikaciotar.uni-bge.hu/2639

MARC

LEADER 00000naa a2200000 i 4500
001 publ2639
005 20260326122004.0
008 260326s2026 hu o 000 zxx d
020 |a 978-615-6886-27-9 
024 |a 10.29180/978-615-6886-27-9_9  |2 doi 
040 |a BGE Publikációtár Repozitórium  |b hun 
100 1 |a Mosad Mina Saad Tawadrous 
245 1 0 |a Corporate sustainable practices and family business internationalisation  |b A literature review and conceptual framework  |c Mosad Mina Saad Tawadrous  |h [elektronikus dokumentum] 
260 |a Budapesti Gazdaságtudományi Egyetem  |b Budapest, Magyarország  |c 2026 
300 |a 1-10 
490 0 |a ESG - Risk Management or New Sustainability? VIII.BUEB International Sustainability Student ConferenceProceedings - Budapest University of Economics and Business 2025 
650 4 |a gazdálkodás- és szervezéstudományok 
695 |a Sustainability 
695 |a Corporate Social Responsibility 
695 |a family firms 
695 |a internationalisation 
695 |a socioemotional wealth 
856 4 0 |u https://publikaciotar.uni-bge.hu/id/eprint/2639/1/SUS%20Conference%20Proceedings%20-%20ESG%20Risk%20Managenemt_9.cikk.pdf  |z Dokumentum-elérés